Every FA Cup Winner in History - Statistics

General Stats
  • This quiz has been taken 296 times
    126 since last reset
  • The average score is 26 of 35
Answer Stats
Winner # % Correct
Arsenal 14
99%
Liverpool 8
99%
Manchester City 7
99%
Manchester United 13
98%
Leicester City 1
97%
Chelsea 8
96%
Newcastle United 6
93%
Tottenham Hotspur 8
92%
Everton 5
88%
Nottingham Forest 2
87%
Aston Villa 7
86%
Leeds United 1
84%
West Ham United 3
83%
Wolverhampton Wanderers 4
83%
Southampton 1
81%
Sunderland 2
80%
Blackburn Rovers 6
79%
Sheffield United 4
74%
Ipswich Town 1
71%
Sheffield Wednesday 3
71%
Burnley 1
70%
Portsmouth 2
69%
Wigan Athletic 1
68%
Derby County 1
67%
West Bromwich Albion 5
67%
Bolton Wanderers 4
63%
Cardiff City 1
63%
Preston North End 2
63%
Blackpool 1
54%
Huddersfield Town 1
54%
Coventry City 1
53%
Charlton Athletic 1
46%
Notts County 1
41%
Bradford City 1
38%
Barnsley 1
36%
No matching quizzes found
Score Distribution
Percent of People with Each Score
Percentile by Number Answered
Your Score History
You have not taken this quiz since the last reset